Factores asociados al no cumplimiento del esquema de vacunación en niños menores de dos años : (Registro nro. 611)

Detalles MARC
000 -LEADER
fixed length control field 02464nam a2200265Ia 4500
003 - CONTROL NUMBER IDENTIFIER
control field CO-CtgCURN
005 - DATE AND TIME OF LATEST TRANSACTION
control field 20250718222046.0
008 - FIXED-LENGTH DATA ELEMENTS--GENERAL INFORMATION
fixed length control field 220709s2021 xx 000 0 und d
040 ## - CATALOGING SOURCE
Original cataloging agency CO-CtgCURN
Language of cataloging spa
Transcribing agency coctgcurn
082 ## - DEWEY DECIMAL CLASSIFICATION NUMBER
Classification number ENF 2021
Item number G984f
100 ## - MAIN ENTRY--PERSONAL NAME
Personal name Gutiérrez Henríquez, Geraldine
Relator term autora
9 (RLIN) 5901
245 #0 - TITLE STATEMENT
Title Factores asociados al no cumplimiento del esquema de vacunación en niños menores de dos años :
Remainder of title una revisión sistemática
Medium [electronic resource] /
Statement of responsibility, etc. Geraldine Gutiérrez Henríquez; tutora., Cinthya Paola Mora Campo
260 ## - PUBLICATION, DISTRIBUTION, ETC.
Place of publication, distribution, etc. Barranquilla, Atlántico :
Name of publisher, distributor, etc. Corporación Universitaria Rafael Núñez,
Date of publication, distribution, etc. 2021
300 ## - PHYSICAL DESCRIPTION
Extent 1 recurso en línea (17 páginas (PDF)) :
Other physical details tablas, ilustraciones
502 ## - DISSERTATION NOTE
Dissertation note Trabajo de Grado (Enfermera). Corporación Universitaria Rafael Núñez. Facultad de Ciencias de la Salud. Programa de Enfermería, 2021
504 ## - BIBLIOGRAPHY, ETC. NOTE
Bibliography, etc. note Incluye referencias bibliográficas
520 ## - SUMMARY, ETC.
Summary, etc. Identificar los factores de riesgo que intervienen en el no cumplimiento del esquema de vacunaciones en niños menores de dos años. La organización mundial de la salud define a las vacunas como toda preparación destinada a inmunizar o generar inmunidad contra una enfermedad, lo que estimula la producción de antígenos inmunidad para las siguientes enfermedades: el cáncer cervicouterino, el cólera, la difteria, la hepatitis B, la gripe, el sarampión, la meningitis, las paperas, la tosferina, la neumonía, la poliomielitis, las infecciones por rotavirus, el tétanos, la varicela y la fiebre amarilla. Las vacunas son suspensiones compuestas por microorganismos vivos atenuados, o muertos. El propósito de la vacunación es la inmunización activa para proteger al organismo frente a diversos agentes patógenos, siendo uno de los logros más importantes de la sanidad pública, ya que, desde el descubrimiento de las primeras vacunas, la mortalidad relacionada con enfermedades infecciosas se ha reducido, gracias a la inmunidad.
521 ## - TARGET AUDIENCE NOTE
Target audience note AREA PROFESIONAL
590 ## - LOCAL NOTE (RLIN)
Local note Programa de Enfermería_27
650 ## - SUBJECT ADDED ENTRY--TOPICAL TERM
Topical term or geographic name entry element Enfermería
Form subdivision Tesis y disertaciones académicas
9 (RLIN) 5902
700 ## - ADDED ENTRY--PERSONAL NAME
Personal name Mora Campo, Cinthya Paola
Relator term tutora
9 (RLIN) 5903
856 ## - ELECTRONIC LOCATION AND ACCESS
Uniform Resource Identifier <a href="https://unicurn.sharepoint.com/:b:/s/biblioteca/EUsXq07tdVpNvRu_l_-4C_IBhADE04FLfe1j-ztHO9MJ3A?e=QQpOD1">https://unicurn.sharepoint.com/:b:/s/biblioteca/EUsXq07tdVpNvRu_l_-4C_IBhADE04FLfe1j-ztHO9MJ3A?e=QQpOD1</a>
Link text Consulte aquí el texto completo
942 ## - ADDED ENTRY ELEMENTS (KOHA)
Koha item type Trabajos de grado
Classification part ENF 2021
Item part G984f
Source of classification or shelving scheme Dewey Decimal Classification
Suppress in OPAC No
Existencias
Withdrawn status Lost status Source of classification or shelving scheme Damaged status Not for loan Collection Home library Current library Shelving location Date acquired Inventory number Total checkouts Full call number Barcode Date last seen Copy number Price effective from Koha item type
    Dewey Decimal Classification     Trabajos de grado Miguel Henríquez Castañeda Barranquilla Miguel Henríquez Castañeda Barranquilla Trabajo de grado 07/08/2022 05106   ENF 2021 G984f 05106 07/09/2022 ej.1 07/09/2022 Trabajos de grado